000 00400 a2200145 4500
005 20250318090116.0
020 _a0-02-308480-4
082 _a658.87 BER
100 _aBERMAN, B.
245 _aRetail Management: A Strategic approach
260 _aNew York,
_bMacmillan Publishing Co,
_c1979.
300 _axxi, 647p.: ill.; figure, map, table
_bIndex
_c25cm.
700 _aEVANS, J. R.
942 _2ddc
_cBKS
999 _c870
_d870